MARC

LEADER 00000nam0a2200000 4500
001 112318
005 20231031121421.0
010 |a 5713301737 
020 |a RU  |b 90-2550 
035 |a (RuTPU)RU\TPU\book\121424 
090 |a 112318 
100 |a 20070326d1989 m y0rusy5003 ca 
101 1 |a rus  |c eng 
102 |a RU 
105 |a a z 000ay 
200 1 |a Тогда и теперь  |e [Роман о Н. Макиавелли]  |f У. С. Моэм  |g авт. предисл. Н. Е. Покровский; худож. А. Е. Куманьков 
210 |a Москва  |c Международные отношения  |d 1989 
215 |a 181,[1] с.  |c цв. ил.  |d 20 см 
600 1 |a Макиавелли (Макьявелли)  |b Н.  |c итальянский политический мыслитель  |f 1469-1527  |g Никколо  |c историк  |c писатель  |2 stltpush  |3 (RuTPU)RU\TPU\pers\935 
610 1 |a Италия 
610 1 |a политические учения 
610 1 |a общественная мысль 
610 1 |a 15 век 
610 1 |a 16 век 
675 |a 82  |z rus  |v 3 
700 1 |a Моэм  |b У. С.  |g Уильям Сомерсет  |4 070 
702 1 |a Покровский  |b Н. Е.  |4 080 
702 1 |a Куманьков  |b А. Е.  |4 440 
801 0 |a RU  |b RuMRKP  |c 19960705  |g psbo 
801 1 |a RU  |b 63413507  |c 20070326  |g PSBO 
801 2 |a RU  |b 63413507  |c 20211222  |g PSBO 
942 |c BK